Szczegóły MARC21

Dwudziestolecie międzywojenne - II wojna światowa. T. 1 /

003 -Nazwa inst., której nr kontr. jest w polu 001 [,]
    • @
    • Nazwa instytucji, której n kontrolny jest w polu 001
    • NUKAT
005 -DATA I CZAS OSTATNIEJ MODYFIKACJI [,]
    • @
    • pole kontrolne
    • 20241231100207.0
020 -Międzynarod. znormalizowany nr książki - ISBN [ , ]
    • a
    • Numer ISBN
    • 8370529372 Find
    • q
    • Dopowiedzenie
    • t. 1
040 -Instytucja sporządzająca opis [ , ]
    • a
    • Instytucja, która sporządziła opis (NP)
    • TOR U/GS
    • c
    • Instytucja, która sporządziła rekord (NP)
    • TOR U/GS
    • d
    • Instytucja, która zmodyfikowała rekord (P)
    • TOR U/GS
    • d
    • Instytucja, która zmodyfikowała rekord (P)
    • Ł U/ASs
    • d
    • Instytucja, która zmodyfikowała rekord (P)
    • WR O/ZW
942 -Rodzaj dokumentu [ , ]
    • c
    • Rodzaj dokumentu
    • Książka
245 -Strefa tytułu i oznaczenia odpowiedzialności [0,0]
    • a
    • Tytuł
    • Dwudziestolecie międzywojenne - II wojna światowa. Find
    • n
    • Oznaczenie części (P)
    • T. 1 /
    • c
    • Pozostałe elementy strefy tytułu i oznaczenia odpowiedzialności (NP)
    • pod red. Ryszarda Nycza i Jerzego Jarzębskiego.
260 -Strefa adresu wydawniczego [ , ]
    • a
    • Miejsce wydania (P)
    • Kraków :
    • b
    • Nazwa wydawcy (P)
    • Universitas,
    • c
    • Data wydania (P)
    • cop. 1997.
300 -Strefa opisu fizycznego [ , ]
    • a
    • Określenie formy książki i/lub objętość (NP)
    • 364, [3] s. ;
    • c
    • Format (NP)
    • 21 cm.
336 -Typ zawartości [ , ]
    • a
    • Termin opisujący typ zawartości
    • Tekst
    • b
    • Kod określający zawartość
    • txt
    • 2
    • Źródło (terminu i kodu)
    • rdacontent
337 -Typ mediów [ , ]
    • a
    • Tryb odtwarzania
    • Bez urządzenia pośredniczącego
    • b
    • Kod typu mediów
    • n
    • 2
    • Źródło (terminu i kodu)
    • rdamedia
338 -Typ/rodzaj nośnika [ , ]
    • a
    • Hasło opisujące typ nośnika
    • Wolumin
    • b
    • Kod typu nośnika
    • nc
    • 2
    • Źródło (terminu i kodu)
    • rdacarrier
490 -Strefa serii i książki wielotomowej - forma nie do wyszukiwania [1, ]
    • a
    • Tytuł (P)
    • Lektury Polonistyczne Find
830 -Hasło dodatkowe serii i opisu książki wielotomowej - tytuł ujednolicony/tytuł [ ,0]
    • a
    • Tytuł ujednolicony/tytuł (NP)
    • Lektury Polonistyczne
    • 9
    • KHW
    • 60705
080 -Uniwersalna Klasyfikacja Dziesiętna [ , ]
    • a
    • Symbol klasyfikacji
    • 821.162.1(091)
    • 2
    • Identyfikator wydania tablic
    • UDC-P058
    • 9
    • UKD
    • 8014
    • b
    • Dopowiedzenie
    • Literatura polska (historia).
    • 4
    • UKD2
    • 12291
    • x
    • Poddział wspólny
    • "1918/1945"
    • c
    • Dopowiedzenie poddz. wspólnego
    • Lata 1918/1945.
650 -Hasło przedmiotowe [ ,7]
    • a
    • Hasło przedmiotowe
    • Literatura polska
    • y
    • Określnik chronologiczny
    • 1918-1939
    • x
    • Określnik rzeczowy
    • historia i krytyka.
    • 2
    • Źródło terminu
    • kaba
    • 9
    • KHW
    • 357039
650 -Hasło przedmiotowe [ ,7]
    • a
    • Hasło przedmiotowe
    • Literatura polska
    • y
    • Określnik chronologiczny
    • 1939-1945
    • x
    • Określnik rzeczowy
    • historia i krytyka.
    • 2
    • Źródło terminu
    • kaba
    • 9
    • KHW
    • 356270
980 -Symbol UKD [ , ]
    • a
    • UKD
    • 821.162.1(091)"1918/1945"
700 -Hasło dodatkowe - nazwa osobowa [1, ]
    • a
    • Nazwa osobowa (NP)
    • Nycz, Ryszard Find
    • d
    • Daty biograficzne (NP)
    • (1951- ).
    • e
    • Określenie rodzaju współpracy
    • Red.
    • 9
    • KHW
    • 18917
700 -Hasło dodatkowe - nazwa osobowa [1, ]
    • a
    • Nazwa osobowa (NP)
    • Jarzębski, Jerzy Find
    • d
    • Daty biograficzne (NP)
    • (1947-2024).
    • e
    • Określenie rodzaju współpracy
    • Red.
    • 9
    • KHW
    • 38007
710 -Hasło dodatkowe - nazwa ciała zbiorowego [2, ]
    • a
    • Nazwa ciała zbiorowego lub nazwa geograficzna jako pierwszy element (NP)
    • Towarzystwo Autorów i Wydawców Prac Naukowych "Universitas".
    • 4
    • Kod relacji
    • pbl
    • 9
    • KHW
    • 56074
920 -ISBN [ , ]
    • a
    • ISBN
    • 83-7052-937-2 Find
    • q
    • Dopowiedzenie
    • t. 1
Sygnatura Numer inwentarzowy Status udost. Data inwentaryzacji Lokalizacja
WM.628WM.628-32003-02-21BG
WM.628WM.629-32003-02-21BG
 Z.9417411999-06-17BG
POL. Lektury polonistyczne 08P.1547211999-06-17BM